000 00693nam a2200241Ia 4500
003 OSt
005 20220918221655.0
006 a|||||r|||| 00| 0
007 ta
008 220917b |||||||| |||| 00| 0 eng d
024 _a202,454
037 _cTextual
040 _aARTS
_cARTS
_beng
041 _2eng
_aeng
082 _aO157,3M09w, 111N9
100 _aSarkar Tanika
_923709
245 0 _aWords to win, The making of amar jiban
_b a modern autobiography
260 _aNew Delhi
_bKali for women India
_c1999
300 _ax, 266 p
_ccm.
650 _aBENGALI LITERATURE
942 _hO157,3M09w, 111N9
_cTEXL
_2CC
999 _c273332
_d273332